[Event "XVII Aberto "]
[Site "Ourense"]
[Date "2008.07.09"]
[Round "7.31"]
[White "De Francisco De Diego, Felipe"]
[Black "Gallego Martin, Miguel"]
[Result "1-0"]
[WhiteElo "2019"]
[BlackElo "1848"]
[PlyCount "88"]
[EventDate "2008.07.03"]

1. d4 Nf6 2. c4 g6 3. Nc3 Bg7 4. e4 d6 5. f3 O-O 6. Be3 e5 7. Nge2 c6 8. Qd2 a6
9. O-O-O Nbd7 10. g4 b5 11. Ng3 Qa5 12. Kb1 exd4 13. Bxd4 Ne5 14. Qf2 Nfd7 15.
h4 b4 16. Nce2 c5 17. Bxe5 Nxe5 18. Nf4 Qa4 19. Rxd6 b3 20. a3 Nxc4 21. Bxc4
Qxc4 22. Rc1 Bd4 23. Qd2 Qb5 24. Nd5 Qb8 25. Ne7+ Kh8 26. Rxd4 Qe5 27. Nc6 Qxg3
28. Rd8 Rxd8 29. Qxd8+ Kg7 30. h5 h6 31. hxg6 Qxf3 32. gxf7 Qxf7 33. g5 Bb7 34.
gxh6+ Kh7 35. Qd6 Rc8 36. Ne5 Bxe4+ 37. Ka1 Qc7 38. Qf6 Rg8 39. Rd1 Bd5 40.
Qf5+ Kh8 41. Ng6+ Rxg6 42. Qxg6 Qf7 43. Qd6 Be6 44. Rg1 Qd7 1-0

[Event "XVII Aberto "]
[Site "Ourense"]
[Date "2008.07.09"]
[Round "7.32"]
[White "Pena Lodeiro, Jose Luis"]
[Black "Perez Dorado, Jorge"]
[Result "0-1"]
[WhiteElo "1809"]
[BlackElo "1985"]
[PlyCount "88"]
[EventDate "2008.07.03"]

1. c4 g6 2. Nc3 Bg7 3. Nf3 Nf6 4. d4 O-O 5. e4 d6 6. Be2 c5 7. O-O cxd4 8. Nxd4
Nc6 9. Nf3 b6 10. Re1 Bb7 11. Bf1 Nd7 12. Be3 Rc8 13. a3 Nce5 14. Nxe5 Nxe5 15.
Qb3 Qd7 16. Rac1 Bc6 17. f3 Qb7 18. Qc2 Rc7 19. b3 Rfc8 20. Nd5 Bxd5 21. exd5
Qxd5 22. Qa2 Qc6 23. Be2 Qd7 24. Red1 Qe6 25. Qd2 Nd7 26. b4 Bb2 27. Rc2 Bg7
28. h3 d5 29. c5 bxc5 30. bxc5 Nxc5 31. Rb1 Ne4 32. fxe4 Rxc2 33. Qe1 Qxe4 34.
Bf3 Qe5 35. Bd1 R2c3 36. Kf2 d4 37. Bd2 Qxe1+ 38. Kxe1 Rxa3 39. Rb7 Ra6 40.
Rxe7 Re6+ 41. Rxe6 fxe6 42. Bg4 Kf7 43. Ke2 Rc5 44. Kf3 h5 0-1

[Event "XVII Aberto "]
[Site "Ourense"]
[Date "2008.07.09"]
[Round "7.35"]
[White "Cauchy Fernandez, Amando"]
[Black "Gutierrez Bustillo, Diego"]
[Result "0-1"]
[WhiteElo "1790"]
[BlackElo "1947"]
[PlyCount "110"]
[EventDate "2008.07.03"]

1. c4 Nf6 2. Nf3 g6 3. d4 Bg7 4. Nc3 d6 5. e4 O-O 6. Be2 Nbd7 7. h3 e5 8. dxe5
Nxe5 9. Nxe5 dxe5 10. Be3 c6 11. O-O Be6 12. Qc2 Qe7 13. a3 h6 14. b4 Nh7 15.
Bc5 Qg5 16. Bxf8 Bxh3 17. Bf3 Nxf8 18. Qc1 Qf6 19. gxh3 Qxf3 20. Qe3 Qf6 21.
Rad1 h5 22. Rd3 Kh7 23. Rfd1 Bh6 24. Qf3 Qe6 25. Rd6 Qxc4 26. Qd3 Qxd3 27.
R1xd3 Kg7 28. Na4 Ne6 29. Nc5 Nf4 30. Rf3 Ne2+ 31. Kf1 Nd4 32. Rd3 Nb5 33. Rd7
b6 34. Ne6+ Kf6 35. Nc7 Nxc7 36. Rxc7 c5 37. bxc5 bxc5 38. Rxc5 Bf4 39. Rd7 Ke6
40. Rb7 Kd6 41. Rcc7 f5 42. exf5 gxf5 43. Rxa7 Rb8 44. Rab7 Ra8 45. Rc3 e4 46.
Rh7 Bd2 47. Rc2 e3 48. fxe3 Bxe3 49. Ra2 f4 50. Ke2 Rg8 51. Rxh5 Rg2+ 52. Kf3
Rxa2 53. Ra5 Rh2 54. Kg4 Rg2+ 55. Kh5 f3 0-1

[Event "XVII Aberto "]
[Site "Ourense"]
[Date "2008.07.09"]
[Round "7.37"]
[White "Millan Soto, Miguel"]
[Black "Rodriguez Alvarez, Sergio"]
[Result "1-0"]
[WhiteElo "1926"]
[BlackElo "1746"]
[PlyCount "133"]
[EventDate "2008.07.03"]

1. d4 Nf6 2. Nf3 g6 3. Bg5 Bg7 4. Nbd2 d6 5. e4 Nbd7 6. Bc4 O-O 7. Qe2 e5 8. c3
a5 9. a4 Re8 10. dxe5 Nxe5 11. Nxe5 dxe5 12. h3 Be6 13. Bxe6 Rxe6 14. O-O Qe8
15. Rfb1 h6 16. Be3 Qc6 17. f3 Nh5 18. Nb3 b6 19. Rd1 f5 20. Nd2 Nf6 21. Bf2
Rf8 22. Rdc1 fxe4 23. fxe4 h5 24. b4 Bh6 25. b5 Qd7 26. Rd1 Bxd2 27. Rxd2 Qf7
28. Rad1 Re7 29. c4 Rd7 30. c5 bxc5 31. Bxc5 Rfd8 32. Rxd7 Rxd7 33. Rf1 Kg7 34.
Qf3 Qe6 35. Be3 Rf7 36. Bd2 Qc4 37. Bxa5 Qxa4 38. Bxc7 Qxb5 39. Bd8 Qc5+ 40.
Kh1 Qd6 41. Rd1 Qc6 42. Rf1 Qd6 43. Ba5 Qe6 44. Qe3 Qc4 45. Re1 Rd7 46. Bd2 Ng8
47. Bc1 Rd3 48. Qa7+ Qf7 49. Qc5 Qe7 50. Qb5 Rd7 51. Bb2 Rb7 52. Bxe5+ Kh7 53.
Qa5 Qg5 54. Qd5 Re7 55. Bc3 Qxd5 56. exd5 Rd7 57. Rd1 Nh6 58. Kg1 Nf5 59. Kf2
Ne7 60. d6 Nf5 61. Bb4 h4 62. Kf3 Kg7 63. Rc1 Rxd6 64. Rc7+ Kf6 65. Bxd6 Nxd6
66. Rc6 Ke5 67. Kg4 1-0

[Event "XVII Aberto "]
[Site "Ourense"]
[Date "2008.07.09"]
[Round "7.38"]
[White "Ferreiro Mera, Aaron"]
[Black "Garcia Fernandez, Manuel"]
[Result "0-1"]
[WhiteElo "1723"]
[BlackElo "1873"]
[PlyCount "110"]
[EventDate "2008.07.03"]

1. e4 c5 2. Nc3 e6 3. Bc4 a6 4. a4 Ne7 5. d3 d5 6. Bb3 Nbc6 7. f4 Nd4 8. Nf3
Nxb3 9. cxb3 dxe4 10. dxe4 Qxd1+ 11. Nxd1 Nc6 12. Be3 Be7 13. Nf2 Bd7 14. Nd3
b6 15. Nfe5 f6 16. Nxd7 Kxd7 17. Ke2 Rhd8 18. Rhd1 Ke8 19. b4 c4 20. Ne1 Rxd1
21. Rxd1 b5 22. Ra1 Rb8 23. axb5 axb5 24. Bc5 Nxb4 25. Bxb4 Bxb4 26. Nc2 Bc5
27. Ra6 Kd7 28. Na3 Rb7 29. Kd2 Bxa3 30. Rxa3 Kc6 31. Ra6+ Kc5 32. Rxe6 Rd7+
33. Kc2 b4 34. f5 Kd4 35. b3 c3 36. Rc6 Ke3 37. g4 Rd2+ 38. Kc1 Rb2 39. g5 Rxb3
40. Rxf6 Kxe4 41. Rf7 Rb2 42. Rxg7 Rxh2 43. Rc7 Kxf5 44. Rc5+ Kg6 45. Rc4 Rb2
46. Rc5 Rg2 47. Rc4 Kxg5 48. Rxb4 h5 49. Rc4 c2 50. Rc5+ Kg4 51. Rc4+ Kh3 52.
Rc3+ Kh2 53. Rc4 Kh3 54. Rc3+ Rg3 55. Rxc2 Rg1+ 0-1

[Event "XVII Aberto "]
[Site "Ourense"]
[Date "2008.07.09"]
[Round "7.39"]
[White "Casal Salgado, Jose Luis"]
[Black "Bello Filgueira, Joaquin Antoni"]
[Result "0-1"]
[WhiteElo "1855"]
[BlackElo "2015"]
[PlyCount "90"]
[EventDate "2008.07.03"]

1. d4 Nf6 2. c4 g6 3. Nc3 d5 4. Nf3 Bg7 5. Bf4 c6 6. e3 O-O 7. Bd3 Bg4 8. cxd5
Nxd5 9. Nxd5 Qxd5 10. O-O Nd7 11. h3 Bxf3 12. Qxf3 Qxf3 13. gxf3 e5 14. dxe5
Bxe5 15. Bxe5 Nxe5 16. Be2 Rad8 17. Rfd1 f5 18. f4 Nf7 19. h4 Kg7 20. Rxd8 Rxd8
21. Rd1 c5 22. Rxd8 Nxd8 23. h5 Kf6 24. hxg6 Kxg6 25. Bf3 Kf6 26. Bd5 h6 27.
Kg2 b5 28. f3 Ne6 29. a4 bxa4 30. Bc6 a3 31. bxa3 c4 32. Bb5 c3 33. Bd3 a5 34.
Kf2 Nc5 35. Bc2 Ne6 36. Kg3 Ng7 37. Kh4 Ke6 38. Kg3 Kd6 39. Kf2 Ke6 40. e4 h5
41. Kg3 Kf6 42. e5+ Kg6 43. Bb3 Ne6 44. Ba4 Nd4 45. Be8+ Kg7 0-1

[Event "XVII Aberto "]
[Site "Ourense"]
[Date "2008.07.09"]
[Round "7.40"]
[White "Lopez Garrido, Daniel"]
[Black "Mateus, Francisco"]
[Result "1-0"]
[WhiteElo "1953"]
[BlackElo "1806"]
[PlyCount "41"]
[EventDate "2008.07.03"]

1. e4 c5 2. Nc3 Nc6 3. f4 g6 4. Nf3 Bg7 5. Bc4 e6 6. O-O Nge7 7. Qe1 O-O 8. d3
d6 9. f5 exf5 10. Qh4 h5 11. Bg5 Qd7 12. Bf6 Bh6 13. Rae1 fxe4 14. dxe4 Kh7 15.
Nd5 Ng8 16. h3 Nb4 17. Be7 Re8 18. Ng5+ Bxg5 19. Rxf7+ Kh8 20. Qxg5 Nxd5 21.
Qxg6 1-0

[Event "XVII Aberto "]
[Site "Ourense"]
[Date "2008.07.09"]
[Round "7.41"]
[White "Nora, Fernando"]
[Black "Mateus, André"]
[Result "1/2-1/2"]
[WhiteElo "1941"]
[BlackElo "1445"]
[PlyCount "110"]
[EventDate "2008.07.03"]

1. d4 d5 2. c4 e6 3. Nf3 Nf6 4. Qc2 c5 5. dxc5 Bxc5 6. e3 O-O 7. cxd5 Bb4+ 8.
Bd2 Bxd2+ 9. Nbxd2 Nxd5 10. Be2 Nc6 11. a3 Bd7 12. O-O Rc8 13. Qd3 Nce7 14.
Rfd1 Bc6 15. Nd4 Nb6 16. N2f3 Rc7 17. Qb1 Rd7 18. Ne5 Rd6 19. Nexc6 Nxc6 20.
Nxc6 Rxd1+ 21. Qxd1 bxc6 22. Qc2 h6 23. b4 Qc7 24. Rc1 Rc8 25. Ba6 Rd8 26. g3
Qd6 27. Qxc6 Qxc6 28. Rxc6 Rd1+ 29. Kg2 Ra1 30. Rc3 Nd5 31. Rb3 Kf8 32. e4 Nf6
33. Kf3 Re1 34. Re3 Rxe3+ 35. Kxe3 Ng4+ 36. Ke2 Nxh2 37. f3 g5 38. g4 h5 39.
gxh5 Kg7 40. a4 g4 41. fxg4 Nxg4 42. Kd3 Nf6 43. Bb5 Nxh5 44. Bc6 f5 45. exf5
exf5 46. Kc4 Kf6 47. Kb5 Ke6 48. Ka6 Kd6 49. Bf3 Nf6 50. Kxa7 Ne4 51. b5 Kc5
52. b6 Nd6 53. b7 Nxb7 54. Kxb7 Kb4 55. Bc6 Ka5 1/2-1/2

[Event "XVII Aberto "]
[Site "Ourense"]
[Date "2008.07.09"]
[Round "7.42"]
[White "Martinez Vecillas, Javier"]
[Black "Salgado Gonzalez, Julio"]
[Result "0-1"]
[WhiteElo "1851"]
[BlackElo "1916"]
[PlyCount "52"]
[EventDate "2008.07.03"]

1. e4 Nc6 2. Nc3 e5 3. Bc4 Nf6 4. d3 Bb4 5. a3 Ba5 6. Bg5 h6 7. Bh4 Bxc3+ 8.
bxc3 d6 9. h3 Be6 10. Bb3 g5 11. Bg3 d5 12. f3 Nh5 13. Bf2 Qd7 14. Ne2 dxe4 15.
Bxe6 Qxe6 16. fxe4 Rf8 17. Bc5 Rg8 18. g4 Nf6 19. Qb1 b6 20. Be3 h5 21. gxh5
Nxh5 22. Qb3 Nf4 23. Qxe6+ fxe6 24. Kd2 O-O-O 25. Rhg1 Na5 26. h4 Nc4+ 0-1

[Event "XVII Aberto "]
[Site "Ourense"]
[Date "2008.07.09"]
[Round "7.43"]
[White "Fernandez Andrade, Antonio"]
[Black "Lorenzo Serrano, Henar"]
[Result "1-0"]
[WhiteElo "1861"]
[BlackElo "1745"]
[PlyCount "59"]
[EventDate "2008.07.03"]

1. e4 c5 2. Nf3 Nc6 3. d4 cxd4 4. Nxd4 Nf6 5. Nc3 e6 6. Be3 Bb4 7. f3 d5 8.
Nxc6 bxc6 9. e5 Nd7 10. f4 c5 11. Bd2 a6 12. Be2 Bb7 13. Bf3 h5 14. O-O h4 15.
a3 Ba5 16. Qe2 O-O 17. Kh1 Bc7 18. Nd1 g5 19. Nf2 Qe7 20. Rae1 f5 21. exf6 Nxf6
22. fxg5 Ne4 23. Bxe4 Qd6 24. Bh7+ Kxh7 25. Qh5+ Kg8 26. Qxh4 Rf7 27. Ng4 Rxf1+
28. Rxf1 Qc6 29. Nf6+ Kf7 30. Qh7+ 1-0

[Event "XVII Aberto "]
[Site "Ourense"]
[Date "2008.07.09"]
[Round "7.44"]
[White "Cid Liston, Ramon"]
[Black "Portela Gonzalez, Adrian"]
[Result "1-0"]
[WhiteElo "1517"]
[BlackElo "1858"]
[PlyCount "43"]
[EventDate "2008.07.03"]

1. d4 Nf6 2. Nf3 e6 3. g3 b6 4. Bg2 Bb7 5. O-O Be7 6. Re1 d5 7. Bg5 h6 8. Bxf6
Bxf6 9. Nbd2 g5 10. e4 dxe4 11. Nxe4 Be7 12. Ne5 Nd7 13. Nf6+ Nxf6 14. Bxb7 O-O
15. Nc6 Qd7 16. Nxe7+ Qxe7 17. Bxa8 Rxa8 18. Qf3 Rd8 19. c3 Kg7 20. Rad1 Rd5
21. c4 Rf5 22. Qxf5 1-0

[Event "XVII Aberto "]
[Site "Ourense"]
[Date "2008.07.09"]
[Round "7.45"]
[White "Gil Fernandez, Juan Jose"]
[Black "Perez Vazquez, Victor Manuel"]
[Result "1/2-1/2"]
[WhiteElo "1551"]
[BlackElo "1881"]
[PlyCount "113"]
[EventDate "2008.07.03"]

1. e4 d6 2. d4 Nf6 3. Nc3 g6 4. f3 c6 5. Be3 Nbd7 6. Qd2 b5 7. O-O-O Qa5 8. Kb1
Nb6 9. e5 Nfd5 10. Nxd5 Qxd2 11. Nc7+ Kd7 12. Rxd2 Kxc7 13. exd6+ exd6 14. Bf4
Bd7 15. g4 Re8 16. Re2 Bg7 17. c3 Nd5 18. Nh3 h5 19. Bg3 hxg4 20. Ng5 Bf5+ 21.
Ka1 Rxe2 22. Bxe2 Re8 23. fxg4 Be6 24. Rf1 Bf6 25. Ne4 Be7 26. h3 Bf8 27. Bd3
f5 28. Ng5 Bd7 29. gxf5 Re3 30. Rf3 Rxf3 31. Nxf3 gxf5 32. h4 f4 33. Bf2 Bg4
34. Ng5 Ne3 35. Kb1 Nd1 36. Bg1 f3 37. Ne4 Bh6 38. Nf2 Ne3 39. Be4 Bh5 40. Bd3
Ng2 41. Ne4 Nf4 42. Kc2 Nh3 43. Nf6 Bf7 44. Bh2 f2 45. Ng4 Bg6 46. Nxf2 Nxf2
47. Bxg6 Ng4 48. Bg3 Nf6 49. Kd3 Kd7 50. h5 Ke7 51. b3 a6 52. a4 Bg5 53. axb5
axb5 54. c4 bxc4+ 55. bxc4 d5 56. c5 Ng4 57. Ke2 1/2-1/2

[Event "XVII Aberto "]
[Site "Ourense"]
[Date "2008.07.09"]
[Round "7.46"]
[White "Sabuz Forneiro, Martin"]
[Black "Rey Alvarez, Jacobo"]
[Result "1-0"]
[WhiteElo "1469"]
[BlackElo "1788"]
[PlyCount "87"]
[EventDate "2008.07.03"]

1. e4 e5 2. Nc3 Nf6 3. f4 d5 4. fxe5 Nxe4 5. Nf3 Bg4 6. d3 Nxc3 7. bxc3 Be7 8.
Be2 Bh4+ 9. g3 Be7 10. Bf4 h6 11. O-O Nd7 12. Nd2 Bh3 13. Re1 g5 14. Be3 Nxe5
15. Bd4 Qd6 16. Bh5 Rf8 17. Bxe5 Qd7 18. Bf6 Be6 19. Bxe7 Qxe7 20. Qe2 O-O-O
21. Bxf7 Qxf7 22. Qxe6+ Kb8 23. Qxf7 Rxf7 24. Rf1 Rh7 25. c4 c6 26. Rf5 g4 27.
Re1 h5 28. Ree5 Rdh8 29. cxd5 h4 30. gxh4 Rxh4 31. Nf1 cxd5 32. Rxd5 R8h7 33.
Rg5 Kc7 34. Rd4 Re7 35. Rdxg4 Rhh7 36. Rc4+ Kb6 37. h4 a6 38. h5 Ka7 39. Ng3
Rhf7 40. Kh2 Re1 41. Kh3 Rf2 42. h6 Rd1 43. h7 Rdd2 44. Rh5 1-0

[Event "XVII Aberto "]
[Site "Ourense"]
[Date "2008.07.10"]
[Round "8.2"]
[White "Rivas Pastor, Manuel"]
[Black "Rusev, Krasimir"]
[Result "1/2-1/2"]
[WhiteElo "2508"]
[BlackElo "2508"]
[PlyCount "24"]
[EventDate "2008.07.03"]

1. e4 e6 2. d3 c5 3. g3 Nc6 4. Bg2 g6 5. Nf3 Bg7 6. O-O Nge7 7. c3 e5 8. Re1
O-O 9. Nbd2 d6 10. a3 h6 11. b4 a6 12. Bb2 Be6 1/2-1/2

[Event "XVII Aberto "]
[Site "Ourense"]
[Date "2008.07.10"]
[Round "8.3"]
[White "Petkov, Vladimir"]
[Black "Paunovic, Dragan"]
[Result "1-0"]
[WhiteElo "2423"]
[BlackElo "2539"]
[PlyCount "69"]
[EventDate "2008.07.03"]

1. d4 d6 2. Nf3 Bg4 3. e4 Nf6 4. Nc3 e6 5. h3 Bh5 6. g4 Bg6 7. Qe2 c6 8. h4 h5
9. g5 Nfd7 10. Bf4 Be7 11. Nd2 b5 12. Bg2 Nb6 13. a4 Nxa4 14. Nxb5 Nb6 15. Na3
d5 16. c4 O-O 17. c5 Na4 18. Qd1 Nxb2 19. Qb3 Nc4 20. Naxc4 dxc4 21. Qxc4 a5
22. O-O Na6 23. Nb3 Nb4 24. Bd2 e5 25. Bxb4 axb4 26. dxe5 Rxa1 27. Rxa1 Qd7 28.
f4 Qg4 29. Rf1 Qxh4 30. Nd4 Qg3 31. Nxc6 Qe3+ 32. Kh1 Bxc5 33. f5 Bb6 34. Ne7+
Kh8 35. Nd5 1-0

[Event "XVII Aberto "]
[Site "Ourense"]
[Date "2008.07.10"]
[Round "8.6"]
[White "Krivoshey, Sergei"]
[Black "Vallejo Diaz, Javier"]
[Result "1-0"]
[WhiteElo "2504"]
[BlackElo "2296"]
[PlyCount "49"]
[EventDate "2008.07.03"]

1. d4 d5 2. c4 c6 3. Nf3 Nf6 4. Nc3 dxc4 5. e3 Bg4 6. Bxc4 e6 7. h3 Bxf3 8.
Qxf3 Nbd7 9. O-O Be7 10. Rd1 O-O 11. e4 b5 12. Bb3 b4 13. Ne2 Qa5 14. Be3 Rfd8
15. Ng3 c5 16. e5 Ne8 17. d5 Nxe5 18. Qe4 f6 19. dxe6 c4 20. Bxc4 Nxc4 21. Qxc4
Rac8 22. Qb3 Nd6 23. Rd5 Qa6 24. Rad1 Nc4 25. Nf5 1-0

[Event "XVII Aberto "]
[Site "Ourense"]
[Date "2008.07.10"]
[Round "8.7"]
[White "Cabezas Ayala, Ivan"]
[Black "Starostits, Ilmars"]
[Result "0-1"]
[WhiteElo "2336"]
[BlackElo "2497"]
[PlyCount "70"]
[EventDate "2008.07.03"]

1. e4 b6 2. d4 Bb7 3. Bd3 e6 4. Nf3 d6 5. O-O Nd7 6. c4 g6 7. Nc3 Bg7 8. Bg5
Ne7 9. Qd2 h6 10. Be3 g5 11. d5 e5 12. Rfc1 Ng6 13. Qc2 Nf4 14. Bf1 g4 15. Nd2
h5 16. b4 h4 17. Nb3 Ba6 18. Nb5 Bxb5 19. cxb5 Rc8 20. a4 g3 21. h3 Bh6 22. a5
Rg8 23. Kh1 gxf2 24. axb6 axb6 25. Ra7 Rg6 26. Bxf2 Qf6 27. Rca1 Nxh3 28. Bxb6
Nxb6 29. gxh3 Qf3+ 30. Bg2 Rxg2 31. Qxg2 Qxb3 32. Rf1 Bf4 33. Rxf4 exf4 34.
Qg8+ Ke7 35. Qg5+ Kf8 0-1

[Event "XVII Aberto "]
[Site "Ourense"]
[Date "2008.07.10"]
[Round "8.9"]
[White "Guerra Mendez, Jose Angel"]
[Black "Arnaudov, G. Petar"]
[Result "1/2-1/2"]
[WhiteElo "2456"]
[BlackElo "2311"]
[PlyCount "43"]
[EventDate "2008.07.03"]

1. e4 c5 2. b3 e6 3. Nc3 a6 4. g3 b5 5. Bg2 Bb7 6. Bb2 Nf6 7. d3 d6 8. Nf3 Be7
9. O-O O-O 10. e5 dxe5 11. Nxe5 Bxg2 12. Kxg2 Qc7 13. f4 Nc6 14. Nxc6 Qxc6+ 15.
Qf3 Qxf3+ 16. Kxf3 Rfd8 17. a4 b4 18. Ne4 Nxe4 19. Kxe4 f5+ 20. Kf3 Bf6 21.
Bxf6 gxf6 22. Rae1 1/2-1/2

[Event "XVII Aberto "]
[Site "Ourense"]
[Date "2008.07.10"]
[Round "8.10"]
[White "Baltar Iglesias, David"]
[Black "Dimitrov, Vladimir"]
[Result "1/2-1/2"]
[WhiteElo "2281"]
[BlackElo "2450"]
[PlyCount "46"]
[EventDate "2008.07.03"]

1. d4 Nf6 2. c4 e6 3. Nf3 b6 4. g3 Ba6 5. b3 Bb7 6. Bg2 Bb4+ 7. Bd2 a5 8. O-O
O-O 9. Bg5 a4 10. bxa4 h6 11. Bd2 Qe7 12. Bxb4 Qxb4 13. Qb3 Qe7 14. Nc3 d6 15.
Nd2 Bxg2 16. Kxg2 e5 17. e3 Nbd7 18. Rae1 Rfe8 19. Qb1 Nf8 20. f4 exd4 21. exd4
Qd7 22. d5 Rxe1 23. Rxe1 Re8 1/2-1/2

[Event "XVII Aberto "]
[Site "Ourense"]
[Date "2008.07.10"]
[Round "8.11"]
[White "Fernandez De Pablo, Miguel A"]
[Black "Vidal Del Rio, Diego"]
[Result "1-0"]
[WhiteElo "2232"]
[BlackElo "2146"]
[PlyCount "97"]
[EventDate "2008.07.03"]

1. e4 c5 2. Nf3 d6 3. d4 cxd4 4. Nxd4 Nf6 5. Nc3 a6 6. Bg5 e6 7. f4 Qb6 8. Nb3
Nc6 9. Qf3 Be7 10. O-O-O Qc7 11. Bd3 Rb8 12. Rhe1 h6 13. Qh3 b5 14. Ne2 e5 15.
f5 b4 16. Bxf6 Bxf6 17. Kb1 a5 18. Nd2 Ne7 19. Ng3 Nc6 20. Nh5 Nd4 21. Nxf6+
gxf6 22. Nc4 Bb7 23. Ne3 Ke7 24. Qh5 Rbg8 25. Bc4 Rh7 26. Bd5 Rg5 27. Qh4 Kf8
28. Rc1 Ba6 29. Qf2 h5 30. c3 bxc3 31. Rxc3 Qb6 32. Bc4 Bb7 33. Nd5 Bxd5 34.
Bxd5 Kg7 35. Rec1 Rh8 36. Rc6 Qb4 37. Rc7 Rf8 38. Rb7 Qa4 39. b3 Qa3 40. Rcc7
Rg4 41. Rxf7+ Rxf7 42. Rxf7+ Kh8 43. Qd2 Rf4 44. Bc4 d5 45. exd5 Qc5 46. d6
Qxd6 47. g3 Nb5 48. Qxd6 Nxd6 49. gxf4 1-0

[Event "XVII Aberto "]
[Site "Ourense"]
[Date "2008.07.10"]
[Round "8.13"]
[White "Fernandez Borrego, Pablo"]
[Black "Eyo Castro-Rial, Alberto"]
[Result "1-0"]
[WhiteElo "2229"]
[BlackElo "2192"]
[PlyCount "55"]
[EventDate "2008.07.03"]

1. c4 Nf6 2. Nc3 e6 3. e4 d5 4. e5 d4 5. exf6 dxc3 6. bxc3 Qxf6 7. d4 Bd6 8.
Nf3 h6 9. Bd3 O-O 10. Qe2 c5 11. g4 Qd8 12. g5 Qa5 13. Bd2 cxd4 14. cxd4 Bb4
15. gxh6 Bxd2+ 16. Nxd2 g6 17. Rg1 Nc6 18. Qe4 Qf5 19. Qe3 Qf6 20. Nf3 Rd8 21.
O-O-O b5 22. Ne5 Ne7 23. Be4 Rb8 24. Ng4 Qh4 25. Qf4 f5 26. Qe5 Kf7 27. Qg7+
Ke8 28. Nf6+ 1-0

[Event "XVII Aberto "]
[Site "Ourense"]
[Date "2008.07.10"]
[Round "8.14"]
[White "Pazos Porta, Antonio"]
[Black "Stanoev, Atanas"]
[Result "1-0"]
[WhiteElo "2189"]
[BlackElo "2198"]
[PlyCount "93"]
[EventDate "2008.07.03"]

1. e4 c5 2. Nc3 d6 3. g3 g6 4. Bg2 Bg7 5. d3 Nc6 6. f4 Rb8 7. Be3 Nd4 8. Qd2 e6
9. Nd1 Nc6 10. Nf3 Nge7 11. O-O O-O 12. d4 b6 13. Nf2 Qc7 14. Rfd1 Rd8 15. c3
Bb7 16. g4 Rbc8 17. g5 Na5 18. Qe2 cxd4 19. Nxd4 Nc4 20. Ng4 Nxe3 21. Qxe3 Kh8
22. Nb5 Qb8 23. Rd3 d5 24. e5 Nf5 25. Qf2 Ba6 26. a4 Rc5 27. Rh3 Bxb5 28. axb5
d4 29. Be4 dxc3 30. bxc3 Qc7 31. Bxf5 Rxc3 32. Rxc3 Qxc3 33. Ra2 exf5 34. Nf6
h5 35. Kg2 Qb4 36. Rb2 Qc3 37. Rc2 Qa5 38. Qe2 Qb4 39. Qc4 Qxc4 40. Rxc4 Bxf6
41. gxf6 Ra8 42. Rc7 Kg8 43. Kg3 a5 44. bxa6 Rxa6 45. Rc8+ Kh7 46. e6 fxe6 47.
f7 1-0

[Event "XVII Aberto "]
[Site "Ourense"]
[Date "2008.07.10"]
[Round "8.15"]
[White "Garcia-Ortega Mendez, Jose M"]
[Black "Vidal Del Rio, Manuel"]
[Result "1-0"]
[WhiteElo "2196"]
[BlackElo "2188"]
[PlyCount "77"]
[EventDate "2008.07.03"]

1. d4 Nf6 2. Nf3 d5 3. g3 e6 4. Bg2 Nbd7 5. O-O Be7 6. c4 c6 7. Qc2 O-O 8. Nbd2
b6 9. e4 dxe4 10. Nxe4 Bb7 11. Rd1 Qc8 12. Ne5 Nxe4 13. Qxe4 Nxe5 14. dxe5 Qc7
15. Be3 Rad8 16. Rdc1 Rd7 17. c5 Rfd8 18. b4 bxc5 19. bxc5 Qa5 20. h4 Ba6 21.
Qg4 Qa3 22. h5 Bb5 23. h6 g6 24. Qf3 a5 25. Qe4 a4 26. Bf3 Rd5 27. Qf4 R5d7 28.
Rc2 Qd3 29. Be4 Qa3 30. Kh2 Rd1 31. Rxd1 Rxd1 32. Qf3 Ra1 33. Rd2 Rxa2 34. Rd7
Kf8 35. Ra7 f5 36. exf6 Bxc5 37. Ra8+ Kf7 38. Bxg6+ hxg6 39. h7 1-0

[Event "XVII Aberto "]
[Site "Ourense"]
[Date "2008.07.10"]
[Round "8.17"]
[White "Alcazar Jimenez, Victor"]
[Black "Mejuto De Ulloa, Jorge"]
[Result "0-1"]
[WhiteElo "2391"]
[BlackElo "2067"]
[PlyCount "102"]
[EventDate "2008.07.03"]

1. e4 e6 2. Nf3 d5 3. Nc3 Nf6 4. e5 Nfd7 5. d4 c5 6. dxc5 Nc6 7. Bf4 a6 8. Bd3
Bxc5 9. Qe2 f6 10. exf6 Nxf6 11. O-O-O O-O 12. Rhe1 Bd7 13. Ne5 Nxe5 14. Bxe5
b5 15. g4 Be8 16. Bg3 Bf7 17. g5 Nh5 18. Qg4 g6 19. Kb1 Ra7 20. Ne2 Re7 21. Nd4
Be8 22. Be5 Rxf2 23. Qh4 Rf8 24. Bf6 Bxd4 25. Bxe7 Qxe7 26. Qxd4 Nf4 27. h4 b4
28. Bxa6 Qd6 29. Bc4 Qc7 30. Bb3 Qb8 31. Qe5 Qb6 32. Qe3 Qd6 33. Qe5 Qb6 34.
Rf1 Rf5 35. Qd4 Qd6 36. Qa7 Bf7 37. a4 e5 38. a5 d4 39. Bxf7+ Rxf7 40. Qa8+ Rf8
41. Qe4 Qc5 42. Rde1 Rc8 43. a6 d3 44. Rc1 Ne2 45. Qxd3 Nc3+ 46. bxc3 bxc3 47.
Rce1 Qb6+ 48. Kc1 Qa5 49. Rf8+ Rxf8 50. Qc4+ Kg7 51. Kd1 Rf2 0-1

[Event "XVII Aberto "]
[Site "Ourense"]
[Date "2008.07.10"]
[Round "8.18"]
[White "Rivera Kuzawka, Daniel"]
[Black "Viterbo Ferreira, Jorge Joao"]
[Result "1-0"]
[WhiteElo "2322"]
[BlackElo "2002"]
[PlyCount "83"]
[EventDate "2008.07.03"]

1. e4 e5 2. Nf3 Nc6 3. Bb5 a6 4. Ba4 Nf6 5. O-O Be7 6. Re1 b5 7. Bb3 d6 8. c3
O-O 9. d4 Bg4 10. d5 Nb8 11. h3 Bxf3 12. Qxf3 c5 13. Nd2 Nbd7 14. Nf1 Re8 15.
Ne3 g6 16. Bc2 a5 17. Bd2 Nb6 18. Bd3 c4 19. Bf1 Na4 20. Rab1 Nc5 21. Nc2 Nfd7
22. b3 cxb3 23. axb3 a4 24. b4 Nb3 25. Be3 Rc8 26. Bxb5 Rxc3 27. Qd1 a3 28. Ba4
Nd4 29. Nxd4 exd4 30. Bxd4 Rc4 31. Ba1 a2 32. Rb3 Bg5 33. Qd3 Rexe4 34. Qxe4
Rxe4 35. Rxe4 Bf6 36. Re1 Bxa1 37. Rxa1 Nb6 38. Bc6 Qg5 39. Rb2 Nxd5 40. Bxd5
Qxd5 41. b5 Qb7 42. b6 1-0

[Event "XVII Aberto "]
[Site "Ourense"]
[Date "2008.07.10"]
[Round "8.19"]
[White "Chemeris, Román"]
[Black "De Francisco De Diego, Felipe"]
[Result "1/2-1/2"]
[WhiteElo "2303"]
[BlackElo "2019"]
[PlyCount "37"]
[EventDate "2008.07.03"]

1. e4 e5 2. Nf3 Nc6 3. Bc4 Bc5 4. c3 Nf6 5. d3 d6 6. Bb3 h6 7. Nbd2 O-O 8. O-O
a6 9. h3 Ba7 10. Re1 Ne7 11. Nh4 Kh7 12. Qf3 Ng6 13. Nf5 Bxf5 14. Qxf5 Qd7 15.
Qxd7 Nxd7 16. Nf3 Nc5 17. Bc2 Ne6 18. Be3 Bxe3 19. fxe3 1/2-1/2

[Event "XVII Aberto "]
[Site "Ourense"]
[Date "2008.07.10"]
[Round "8.20"]
[White "Perez Candelario, Matias"]
[Black "Rivas Vila, David"]
[Result "1-0"]
[WhiteElo "2064"]
[BlackElo "2260"]
[PlyCount "121"]
[EventDate "2008.07.03"]

1. e4 c5 2. Nf3 Nc6 3. d4 cxd4 4. Nxd4 g6 5. Nc3 Bg7 6. Be3 Nf6 7. Be2 O-O 8.
O-O d6 9. f4 Qb6 10. Rb1 Nxe4 11. Nf5 Nxc3 12. bxc3 Qc7 13. Nxg7 Kxg7 14. Bd3
f5 15. Rf3 e5 16. Rh3 Be6 17. Qe1 Kg8 18. Qg3 Rf7 19. Rh6 Ne7 20. h4 b6 21. h5
Rg7 22. fxe5 dxe5 23. Bg5 Nd5 24. c4 Nf4 25. Bf6 Nxh5 26. Qxe5 Qxe5 27. Bxe5
Re7 28. g4 fxg4 29. Bxg6 hxg6 30. Rh8+ Kf7 31. Rxa8 Bxc4 32. Bd6 Rd7 33. Be5
Ng7 34. Rh8 Re7 35. Re1 a5 36. a3 b5 37. Kf2 b4 38. axb4 axb4 39. Rh7 Kg8 40.
Rxg7+ Rxg7 41. Bxg7 Kxg7 42. Re4 Ba6 43. Rxg4 Bc8 44. Rxb4 Bf5 45. c4 Kf6 46.
Ke3 Ke5 47. Rb5+ Kd6 48. Kd4 Kc6 49. Ra5 Kb6 50. Re5 Kc6 51. Re1 Bd7 52. Ra1 g5
53. Ra6+ Kc7 54. Rg6 g4 55. Kd5 Bc8 56. c5 Bd7 57. c6 Bc8 58. Kc5 Bf5 59. Rg7+
Kd8 60. c7+ Kc8 61. Kb6 1-0

[Event "XVII Aberto "]
[Site "Ourense"]
[Date "2008.07.10"]
[Round "8.21"]
[White "Perez Dorado, Jorge"]
[Black "Astasio Lopez, David"]
[Result "0-1"]
[WhiteElo "1985"]
[BlackElo "2258"]
[PlyCount "51"]
[EventDate "2008.07.03"]

1. d4 d5 2. c4 e6 3. Nf3 Nf6 4. Bg5 Nbd7 5. e3 c6 6. Bd3 Qa5+ 7. Nbd2 Ne4 8.
O-O Nxg5 9. Nxg5 dxc4 10. Nxf7 Kxf7 11. Qf3+ Ke8 12. Nxc4 Qg5 13. Qh3 Nf6 14.
f4 Qg4 15. Qxg4 Nxg4 16. e4 Be7 17. h3 Nf6 18. g4 Nd7 19. Rae1 b5 20. Na5 Bb4
21. Nxc6 Bxe1 22. Rxe1 a6 23. d5 Rf8 24. f5 e5 25. Rc1 Bb7 26. Na5 0-1